Statistics for JET---PUNK WORD CHAIN of INDIA

Click here to take the quiz!

General Stats

  • This quiz has been taken 26 times
  • The average score is 7 of 20

Answer Stats

HintAnswer% Correct
Biggest Island group of IndiaAndaman Islands
62%
Upper state is bifurcated fromAndhra Pradesh
62%
Another state with 'Pradesh'Himachal Pradesh
62%
State which means five riversPunjab
57%
Youngest Indian stateTelangana
57%
City known for the holiest worship place for SikhismAmritsar
52%
City famous for a gas tragedy that killed over 15,000Bhopal
52%
Country where the above city is situatedIndia
52%
Capital of JharkhandRanchi
52%
A highly debated region in Northern IndiaKashmir
48%
Wettest State of IndiaMeghalaya
43%
JET
33%
PUNK
33%
The corridor which seperate North East India from rest of IndiaSiliguri Corridor
33%
City on Island where one of India's president spent his childhoodRameshwaram
14%
An Air Force Base in Ghaziabaad named after a river neabyHindon
10%
Smallest first level division of IndiaLakshadweep
10%
Here Indian currency is printedNashik
5%
In this district, you can find Farmana, an Indus Valley SiteRohtak
5%
District famous for Kamakhya Delvi TempleKamrup
0%

Score Distribution

Percentile by Number Answered

Percent of People with Each Score

Your Score History

You have not taken this quiz